logo

Bir Sreshtho Munshi Abdur Rouf Library
Jhenaidah Cadet College

Hurricane Harland crashes the gate / (Record no. 8386)

MARC details
000 -LEADER
fixed length control field 00535nam a22002052i 4500
001 - CONTROL NUMBER
JCCL Control Number 8386
003 - CONTROL NUMBER IDENTIFIER
JCCL marc code BD - JhCC
005 - DATE AND TIME OF LATEST TRANSACTION
control field 20180717081852.0
008 - FIXED-LENGTH DATA ELEMENTS--GENERAL INFORMATION
fixed length control field 500101s1958 xxk j 000 0 eng d
035 ## - SYSTEM CONTROL NUMBER
system control number (BD - JhCC)8386
040 ## - CATALOGING SOURCE
Original cataloging agency UKM
Transcribing agency UKM
Modifying agency EQO
-- BD - JhCC
041 ## - LANGUAGE CODE
Language code of Book eng
082 ## - DEWEY DECIMAL CLASSIFICATION NUMBER
Classification number 823.91
DDC Edition number 18
Author mark and Year ALL 1958
100 1# - MAIN ENTRY--PERSONAL NAME
Personal name Allum, Tom.
245 10 - TITLE STATEMENT
Title Hurricane Harland crashes the gate /
Statement of responsibility, etc illustrated by Victor Bertoglio
260 ## - PUBLICATION, DISTRIBUTION, ETC. (IMPRINT)
Place of publication, distribution, etc Blackie,
Date of publication, distribution, etc 1958
300 ## - PHYSICAL DESCRIPTION
Pagination 206 p. :
Other physical details ill. ;
Dimensions 19 cm
942 ## - ADDED ENTRY ELEMENTS (KOHA)
Source of classification or shelving scheme Dewey Decimal Classification
Koha item type Books
Holdings
Source of classification or shelving scheme Damaged status Not for loan Home library Current library Shelving location Date of accession Total Checkouts Full call number Barcode Date last seen Date checked out Copy number Koha item type
Dewey Decimal Classification     JCC Rouf Library JCC Rouf Library General Stacks 10/13/2025 1 823.91 ALL 1958 9313 10/23/2025 10/13/2025 C - 1 Books

JCC Library | Contacts | JCC Home

Last Update on 23 September 2017
Copyright @ 2017-2020 JCC Rouf Library
Rouf Library, Jhenidah Cadet College (JCC), Bangladesh